000 00437nam a2200157Ia 4500
008 240729s9999 xx 000 0 und d
022 _a1350-911X
245 0 _aElectronics Letters
260 _aUnited Kingdom
260 _bWiley
650 _a Electrical engineering. Electronics. Nuclear engineering
650 _aTechnology
856 _uhttps://doaj.org/toc/f4b77ef011a646419112a28f85dd90e6
942 _2ddc
942 _cDOAJEJ
999 _c72626
_d72626
945 _a1
_bMadushi Gamage
_c1
_dMadushi Gamage